00754nam a2200229 a 450000100060000000300080000600500170001400800410003102000380007203500190011004000230012904100080015208200280016010000220018824500540021026000380026430000270030250400510032965100500038065100500043065100440048058110BD-RjUL20211209080604.0900105s1990 cou b 000 0 eng  a0813379601 (alk. paper) :c$27.50 a(BD-RjUL)58234 aDLCcDLCdDLCbeng aeng00a327.73054223bGAU 19901 aGanguly, Shivaji.10aU.S. policy toward South Asia /cShivaji Ganguly. aBoulder :bWestview Press,c1990. axiii, 251 p. ;c23 cm. aIncludes bibliographical references and index. 0aSouth AsiaxForeign relationszUnited States. 0aUnited StatesxForeign relationszSouth Asia. 0aUnited StatesxForeign relationsy1945-